000 00381nam a22001217a 4500
082 _aTHE 200
100 _aSAIRA ASLAM,
_972886
245 _aTH-SOF-0629-HETEROGENEOUS PEERS CONFIGURATION TO ENHANCE COOPERATION IN P2P OVERLAY NETWORKS
260 _aNUST COLLEGE OF EME
_bISLAMABAD
_c2018
650 _aMS-CSE-8 MSTHESIS
700 _aDR MUHAMMAD YOUNUS JAVED
_918584
942 _cCF
999 _c578857
_d578857